Quizzes
Events
Quiz Creation
Community
Videos
Private Events
Remove Ads
Sign In
Join for FREE
Feedback
Dark Mode
Quiz Categories
Sports
Geography
Music
Movies
Television
Just For Fun
Miscellaneous
History
Literature
Language
Science
Gaming
Entertainment
Religion
Holiday
For Kids
Quiz Lab
Recent
Popular Today
Quiz Kudos Today
Editor Picks
Curator Picks
Quizzes by...
Day
Popularity
Type
Ratings
Length
Year
Community
Subscriptions
Recent Discussions
Orange Saloon
Badges
Playlists
Quests
Create
Leaderboards
Showdown
Live 5
Trivia Bingo
Activity
Puzzle Library
Sporcle Events
Private Events
Virtual Trivia
Globe League
Become a Host
Pub Owners
SporcleCon
Opinionation
Our Games
Videos
Blog
Mobile Apps
Partnerships
Remove Ads and Go Orange
Feedback
Geography
Country
Landmarks
City
State
Population
World
Capital
Continent
Flags
Europe
Africa
Asia
South America
North America
Oceania
Border
Canada
United Kingdom
Topography
United States
Geography
Country
Landmarks
City
State
Population
World
Capital
Continent
Flags
Europe
Africa
Asia
South America
North America
Oceania
Border
Canada
United Kingdom
Topography
United States
Random Quiz
Search Sporcle
×
Quiz Lab
Quiz Lab
Geography
City
Type in answers that appear in a list
Type in answers that appear in a list
Classic
Best Score? Go Orange.
Capitals of the World West to East Stats
Can you name the Capitals of the World West to East?
By
A_is_for_Addict
20m
196 Questions
4,693 Plays
4,693 Plays
4,693 Plays
Comments
Comments
Give Quiz Kudos
Give Quiz Kudos
-
- Ratings
hide this ad
Forced Order
Answers have to be entered in order
Answers have to be entered in order
Replay
Link that replays current quiz
Next Quiz
Link to next quiz in quiz playlist
You Got
0%
They Got
Avg Score
77%
Avg Friend Score
Upgrade to see
Score Distribution
Jump to the score distribution portion of the page
Score
0/196
Timer
20:00
0
Plays Today
Longtitude (Continent)
Capital City
% Correct
99 08W (N. America)
Mexico City
95.1%
90 31W (N. America)
Guatemala City
94.3%
89 12W (N. America)
San Salvador
94.1%
88 46W (N. America)
Belmopan
93.9%
84 05W (N. America)
San Jose
93.7%
86 17W (N. America)
Managua
93.6%
79 32W (N. America)
Panama City
93.6%
87 13W (N. America)
Tegucigalpa
93.3%
78 30W (S. America)
Quito
93.1%
82 21W (N. America)
Havana
92.9%
77 03W (S. America)
Lima
92.8%
74 05W (S. America)
Bogota
92%
76 48W (N. America)
Kingston
91.7%
70 40W (S. America)
Santiago
91.7%
68 09W (S. America)
La Paz
91.6%
77 21W (N. America)
Nassau
91.5%
77 02W (N. America)
Washington DC
91.5%
21 57W (Europe)
Reykjavik
91.4%
66 56W (S. America)
Caracas
91.3%
75 42W (N. America)
Ottawa
91.1%
171 44W (Oceania)
Apia
91.1%
72 20W (N. America)
Port-au-Prince
90.9%
47 55W (S. America)
Brasilia
90.9%
9 08W (Europe)
Lisbon
90.8%
69 54W (N. America)
Santo Domingo
90.7%
58 40W (S. America)
Buenos Aires
90.7%
56 11W (S. America)
Montevideo
90.6%
3 41W (Europe)
Madrid
90.6%
6 14W (Europe)
Dublin
90.6%
57 40W (S. America)
Asuncion
90.5%
58 10W (S. America)
Georgetown
90.5%
55 10W (S. America)
Paramaribo
90.4%
23 31W (Africa)
Praia
90.3%
17 26W (Africa)
Dakar
90.3%
0 10W (Europe)
London
90.3%
175 12W (Oceania)
Nuku'alofa
90.2%
2 20E (Europe)
Paris
89.9%
1 31E (Europe)
Andorra la Vella
89.8%
15 35W (Africa)
Bissau
89.7%
61 51W (N. America)
St. John's
89.6%
13 15W (Africa)
Freetown
89.6%
13 42W (Africa)
Conakry
89.5%
4 20E (Europe)
Brussels
89.5%
4 54E (Europe)
Amsterdam
89.4%
16 34W (Africa)
Banjul
89.4%
10 48W (Africa)
Monrovia
89.4%
62 43W (N. America)
Basseterre
89.4%
61 45W (N. America)
St. George's
89.3%
61 31W (N. America)
Port of Spain
89.3%
7 25E (Europe)
Monaco
89.3%
6 07E (Europe)
Luxembourg
89.2%
6 49W (Africa)
Rabat
89.2%
7 26E (Europe)
Bern
89.2%
16 02W (Africa)
Nouakchott
89.2%
61 24W (N. America)
Roseau
89.1%
59 37W (N. America)
Bridgetown
89%
61 00W (N. America)
Castries
88.9%
61 14W (N. America)
Kingstown
88.9%
8 00W (Africa)
Bamako
88.7%
0 13W (Africa)
Accra
88.3%
9 31E (Europe)
Vaduz
88%
1 13E (Africa)
Lome
87.9%
1 31W (Africa)
Ouagadougou
87.9%
5 17W (Africa)
Yamoussoukro
87.8%
10 45E (Europe)
Oslo
87.6%
3 03E (Africa)
Algiers
87.5%
Longtitude (Continent)
Capital City
% Correct
2 37E (Africa)
Porto Novo
87.4%
12 29E (Europe)
Rome
87.3%
2 07E (Africa)
Niamey
87.3%
12 27E (Europe)
Vatican City
87%
7 32E (Africa)
Abuja
86.8%
6 39E (Africa)
Sao Tome
86.7%
12 25E (Europe)
San Marino
86.7%
12 35E (Europe)
Copenhagen
86.5%
13 24E (Europe)
Berlin
86.2%
14 28E (Europe)
Prague
85.5%
10 11E (Africa)
Tunis
85.5%
9 27E (Africa)
Libreville
85.5%
8 47E (Africa)
Malabo
85.3%
11 31E (Africa)
Yaounde
85%
14 30E (Europe)
Valletta
84.7%
13 10E (Africa)
Tripoli
84.1%
14 31E (Europe)
Ljubljana
83.9%
16 22E (Europe)
Vienna
83.7%
13 14E (Africa)
Luanda
83.5%
16 00E (Europe)
Zagreb
83.4%
18 03E (Europe)
Stockholm
83%
17 07E (Europe)
Bratislava
82.8%
15 18E (Africa)
Kinshasa
82.3%
15 17E (Africa)
Brazzaville
82.3%
18 25E (Europe)
Sarajevo
82.1%
19 05E (Europe)
Budapest
82%
15 02E (Africa)
N'Djamena
81.4%
17 05E (Africa)
Windhoek
81.2%
21 00E (Europe)
Warsaw
81.1%
19 16E (Europe)
Podgorica
81%
19 49E (Europe)
Tirana
80.9%
20 30E (Europe)
Belgrade
80.4%
23 44E (Europe)
Athens
80.2%
21 26E (Europe)
Skopje
80.2%
21 10E (Europe)
Pristina
80.1%
23 19E (Europe)
Sofia
79.9%
24 06E (Europe)
Riga
79.8%
18 35E (Africa)
Bangui
79.8%
24 56E (Europe)
Helsinki
79.8%
24 43E (Europe)
Tallinn
79.7%
25 19E (Europe)
Vilnius
79.5%
26 06E (Europe)
Bucharest
79.2%
27 34E (Europe)
Minsk
78.9%
30 31E (Europe)
Kiev
77.7%
28 51E (Europe)
Chisinau
77.7%
25 55E (Africa)
Gaborone
76.5%
32 52E (Europe)
Nicosia
75.9%
28 13E (Africa)
Pretoria
75.8%
37 35E (Europe)
Moscow
75.3%
27 29E (Africa)
Maseru
75.2%
28 17E (Africa)
Lusaka
75.2%
30 04E (Africa)
Kigali
74.6%
32 52E (Asia)
Ankara
74.5%
29 21E (Africa)
Bujumbura
74.4%
31 15E (Africa)
Cairo
74.3%
31 03E (Africa)
Harare
74%
31 06E (Africa)
Mbabane
73.8%
35 14E (Asia)
Jerusalem
73.2%
32 25E (Africa)
Kampala
73.1%
32 32E (Africa)
Khartoum
73.1%
36 18E (Asia)
Damascus
73.1%
35 30E (Asia)
Beirut
72.9%
32 35E (Africa)
Maputo
72.5%
35 56E (Asia)
Amman
72.5%
36 49E (Africa)
Nairobi
72.4%
38 42E (Africa)
Addis Ababa
71.9%
Longtitude (Continent)
Capital City
% Correct
43 09E (Africa)
Djibouti
71.8%
33 47E (Africa)
Lilongwe
71.7%
35 44E (Africa)
Dodoma
71.7%
38 56E (Africa)
Asmara
71.5%
43 14E (Africa)
Moroni
71.1%
44 12E (Asia)
Sana'a
70.3%
44 23E (Asia)
Baghdad
70.1%
45 22E (Africa)
Mogadishu
70%
47 31E (Africa)
Antananarivo
69.3%
44 30E (Asia)
Yerevan
69.2%
44 47E (Asia)
Tbilisi
69%
46 43E (Asia)
Riyadh
68.4%
47 58E (Asia)
Kuwait City
67.4%
49 52E (Asia)
Baku
67.2%
55 27E (Africa)
Victoria
67.2%
57 29E (Africa)
Port Louis
67%
50 34E (Asia)
Manama
66.6%
31 37E (Africa)
Juba
66.4%
51 25E (Asia)
Tehran
66.1%
51 32E (Asia)
Doha
66.1%
54 22E (Asia)
Abu Dhabi
65.7%
58 23E (Asia)
Ashgabat
64.3%
58 35E (Asia)
Muscat
64.2%
69 11E (Asia)
Kabul
63.1%
68 48E (Asia)
Dushanbe
62.9%
69 18E (Asia)
Tashkent
62.5%
71 25E (Asia)
Astana
62.4%
73 10E (Asia)
Islamabad
62.3%
77 12E (Asia)
New Delhi
62%
73 30E (Asia)
Male
61.9%
74 36E (Asia)
Bishkek
61.7%
85 19E (Asia)
Kathmandu
61.3%
89 36E (Asia)
Thimphu
60.9%
79 51E (Asia)
Colombo
60.8%
90 24E (Asia)
Dhaka
60.4%
100 31E (Asia)
Bangkok
60.2%
96 60E (Asia)
Naypyidaw
59.6%
103 51E (Asia)
Singapore
59%
101 42E (Asia)
Kuala Lumpur
58.9%
102 36E (Asia)
Vientiane
58.7%
105 51E (Asia)
Hanoi
58%
106 49E (Asia)
Jakarta
57.9%
104 55E (Asia)
Phnom Penh
57.7%
116 23E (Asia)
Beijing
56.9%
106 55E (Asia)
Ulaanbaatar
56.6%
139 45E (Asia)
Tokyo
56.5%
121 00E (Asia)
Manila
56.4%
126 59E (Asia)
Seoul
56.1%
125 45E (Asia)
Pyongyang
56.1%
121 30E (Asia)
Taipei
56.1%
125 36E (Asia)
Dili
55.9%
114 56E (Asia)
Bandar Seri Begawan
55.5%
147 10E (Oceania)
Port Moresby
55.3%
149 13E (Oceania)
Canberra
55.1%
134 38E (Oceania)
Melekeok
54.8%
158 09E (Oceania)
Palikir
52.9%
159 09E (Oceania)
Honiara
52.6%
166 55E (Oceania)
Yaren
52%
168 19E (Oceania)
Port Vila
51.6%
174 51E (Oceania)
Wellington
51.5%
178 25E (Oceania)
Suva
51.4%
179 12E (Oceania)
Funafuti
50.8%
172 58E (Oceania)
Tarawa
50.8%
171 23E (Oceania)
Majuro
50.4%
Quiz Playlist
Details
Report
Send in Message
Add To Playlist
Classic:
Type in answers that appear in a list
Forced Order:
Answers have to be entered in order
Quiz Source
Last Updated: May 14, 2018
Quiz Scoreboard
CHALLENGE
Sign Up to Join the Scoreboard
Show All
Scores
Hide
Comments
May contain spoilers
Recently Published
Presidents Visiting Landmarks
by Hejman
History
7m
An Introduction to Baseball
by treessimontrees
Sports
5m
Movies - When Are They Set?
by FPL_Elf
Movies
5m
More to Explore
Quiz From the Vault
Featured Blog Post
Where Did the Easter Bunny Come From?
hide this ad
You Might Also Like...
Tags
Capital Quiz
City Quiz
Continent Quiz
Country Quiz
World Quiz
east
West
Today's Top Quizzes in Geography
Browse Geography
hide this ad
Today's Top Quizzes in City
Browse City
Top Contributed Quizzes in Geography
1
Countries of the World - No Outlines Minefield
2
Top 25 Cities of France on a map
3
Any capital of a 'B' country per Continent
4
Closest Countries to UK A-Z
5
One Thing in Common: United Kingdom
6
Any capital of a 'C' country per Continent
7
Find the Provinces of Canada - No Outlines Minefield
8
Any capital of a 'D' country per Continent
9
Find the US States - No Outlines
10
Blind Secret Country CLXXXVIII
Explore More
Trending Topics
Disney
Anime
Crossword
Kpop
Harry Potter
NBA
Marvel
Puzzle
Song
NFL
Soccer
WWE
Country
The Office
Pokémon
hide this ad
More By:
A_is_for_Addict
Quiz
Plays
Rating
Category
Featured
Created
Capitals of the World North to South
9,209
4.56
Geography
Nov 21, 2009
Capitals of the World West to East
4,693
4.55
Geography
Dec 1, 2009
Most Populated City on 25 Most Populated Islands
2,727
4.10
Geography
May 9, 2011
Countries and Territories of Oceania
2,162
4.55
Geography
Oct 31, 2009
Geographical Borders of Europe
1,277
4.04
Geography
Nov 18, 2009
Go to Creator's Profile
Score Distribution
Quiz Creator Spotlight
A_is_for_Addict
Follow
Send a Message
Quizzes Created
-
Created Quiz Play Count
-
More By This Creator
Popular Quizzes Today
1
Find the Countries of Europe - No Outlines Minefield
2
Find the US States - No Outlines Minefield
3
The Countries of the World
4
Popular People in 1961
5
Find the US States
6
US States
7
Risky Map Clicking: Biggest States A-Z
8
1-10 Letter E Words III
More Geography Quizzes
US States Without Roman Numerals
Published
Trending Quizzes
Risky Map Clicking: Least Populous States A-Z
1-10 Letter F Words
1-10 Letter G Words
One Thing in Common: United Kingdom
Risky Map Clicking: Next State Alphabetically
Recently Updated
Leaping Animals
pecheneg
Reality TV Shows (A-Z)
bhenderson79
Rickey Henderson's Hall of Fame Teammates
pecheneg
Champions League XIs: Arsenal
pecheneg
Quick Pick: Celebrities in WWE's Hall of Fame
aduchscher
A-Z Keypad Blitz II
pecheneg
Multiple Oscar Actors
pecheneg
Mystery Phrase Blitz: Oscar 'Best Actors'
pecheneg
F. Scott Fitzgerald Novels
LTH
Pick 3 Villains
ddd62291
Trending Topics
Marvel
NBA
Anime
Disney
Crossword
Kpop
Harry Potter
WWE
Soccer
Puzzle
Song
The Office
Country
NFL
Pokémon
Your Account Isn't Verified!
In order to create a playlist on Sporcle, you need to verify the email address you used during registration. Go to your
Sporcle Settings
to finish the process.
Report this User
Report this user for behavior that violates our
Community Guidelines
.
Details:
Send Report
Go to the Sporcle.com Mobile Site →
Comments